Sociálne inštitúcie

Bibliographic Details
Main Author: Štefančík, Radoslav, 1976- (Author)
Format: Article
Language:Slovak
Subjects:

MARC

LEADER 00000nab a2200000 a 4500
001 vtls009337520
003 SK-MaSNL
005 20260305044122.0
008 250507c2008 xo mr|p|||||||000 b|slo
015 |a SNBRB2008/08  |2 snkbucl 
035 |a (uuid)f4197d1a-e9d2-4b1f-9a91-8726103f2a00 
035 |a urn:nbn:sk:snk-ab2x6m 
035 |a (urnnbn)urn:nbn:sk:snk:ar-a03258 
038 |a SNKBUCL 
040 |a SNKBUCL  |b slo  |c SNKBUCL  |e AACR2 
041 0 |a slo 
044 |a xo  |c SK 
080 |a 316.614.5  |2 2001 
080 |a 32  |2 2001 
080 |a 2  |2 2001 
080 |a 316.62  |2 2001 
100 1 |a Štefančík, Radoslav,  |d 1976-  |4 aut  |9 125727 
245 1 0 |a Sociálne inštitúcie  |c Radoslav Štefančík 
650 0 7 |a rodina  |2 snkbucl  |9 4138 
650 0 7 |a politika  |2 snkbucl  |9 968 
650 0 7 |a náboženstvo  |2 snkbucl  |9 2023 
650 0 7 |a sociálne inštitúcie  |2 snkbucl  |9 71369 
650 0 7 |a monografie  |2 snkbucl  |9 256509 
655 7 |a recenzie  |2 snkbucl  |9 21907 
773 0 |t Mládež a spoločnosť  |g Roč. XIV, č. 1 (2008), s. 69-70  |x 1335-1109 
787 0 8 |i Rec.:  |a Kráľová, Ľuba  |t Sociálne inštitúcie (Politika, Náboženstvo, Rodina)  |d Prešov : KM-Systém, 2007  |z 9788085357059 
850 |a Slovenská národná knižnica 
852 |a Slovenská národná knižnica 
954 |a odborná, vedecká literatúra pôvodná (slovenská)  |2 lita 
958 |a article27 
958 |a SK 
958 |a OND 
958 |a EUIPO 
999 |c 3356708  |d 3358638